书目信息 |
| 题名: |
变分迭代法
|
|
| 作者: | 曹志浩 编著 | |
| 分册: | ||
| 出版信息: | 北京 科学出版社 2005 |
|
| 页数: | 218页 | |
| 开本: | 24cm | |
| 丛书名: | 大学数学科学丛书 | |
| 单 册: | ||
| 中图分类: | O241.6 | |
| 科图分类: | ||
| 主题词: | 线性方程--方程组--计算方法 , 方程组 , 计算方法 , 线性方程 | |
| 电子资源: | ||
| ISBN: | 7-03-014712-X | |
| 000 | 00981nam0 2200301 450 | |
| 000 | 00987nam0 2200301 450 | |
| 000 | 00918nam0 2200277 450 | |
| 000 | 00882nam0 2200265 45 | |
| 005 | 20070528081455.98 | |
| 010 | @a7-03-014712-X@dCNY30.00 | |
| 100 | @a20070302d2005 em y0chiy0120 ea | |
| 101 | 0 | @achi |
| 102 | @aCN@b110000 | |
| 105 | @ay z 000yy | |
| 200 | 1 | @a变分迭代法@ABian Fen Die Dai Fa@f曹志浩编著@FCao Zhi Hao Bian Zhu |
| 210 | @a北京@c科学出版社@d2005 | |
| 215 | @a218页@d24cm | |
| 225 | 2 | @a大学数学科学丛书@v5 |
| 330 | @a本书系统地讨论了求解奇异和非奇异的大型稀疏线性代数方程组的计算方法和理论。内容包括:矩阵和线性方程组的预备知识、奇异线性方程组迭代法的理论基础等。 | |
| 410 | 0 | @12001 @a大学数学科学丛书@v5 |
| 606 | 0 | @a线性方程@x方程组@x计算方法 |
| 606 | 0 | @a方程组 |
| 606 | 0 | @a计算方法 |
| 606 | 0 | @a线性方程 |
| 690 | @aO241.6@v4 | |
| 701 | 0 | @a曹志浩@ACao Zhi Hao@4编著 |
| 801 | 0 | @aCN@bTAOJIN@c20070528 |
| 905 | @a10447@dO241.6@e143 | |
| 变分迭代法/曹志浩编著.-北京:科学出版社,2005 |
| 218页;24cm.-(大学数学科学丛书;5) |
| ISBN 7-03-014712-X:CNY30.00 |
| 本书系统地讨论了求解奇异和非奇异的大型稀疏线性代数方程组的计算方法和理论。内容包括:矩阵和线性方程组的预备知识、奇异线性方程组迭代法的理论基础等。 |
| ● |
| 相关链接 |
|
|
|
|
正题名:变分迭代法
索取号:O241.6/143
 
预约/预借
| 序号 | 登录号 | 条形码 | 馆藏地/架位号 | 状态 | 备注 |
| 1 | 0523066 | 205230668 | 第二样本阅览室/ [索取号:O241.6/143] | 在馆 | |
| 2 | 0523067 | 205230677 | 第三借阅区/ [索取号:O241.6/143] | 在馆 | |
| 3 | 0523068 | 205230686 | 第三借阅区/ [索取号:O241.6/143] | 在馆 | |
| 4 | 0523069 | 205230695 | 第三借阅区/ [索取号:O241.6/143] | 在馆 | |
| 5 | 0523070 | 205230702 | 第三借阅区/ [索取号:O241.6/143] | 在馆 | |
| 6 | 0523071 | 205230711 | 第三借阅区/ [索取号:O241.6/143] | 在馆 | |
| 7 | 0523072 | 205230720 | 第三借阅区/ [索取号:O241.6/143] | 在馆 | |
| 8 | 0523073 | 205230739 | 第三借阅区/ [索取号:O241.6/143] | 在馆 |